Sports Quiz

Random Sports or NFL Quiz
Score 0/32 Timer 05:00
6 Plays Today
% Correct
New York Giants
99.2%
New England Patriots
99%
Miami Dolphins
98.6%
Green Bay Packers
98.3%
Dallas Cowboys
98.2%
New York Jets
97.9%
Minnesota Vikings
97.4%
Pittsburgh Steelers
97.2%
Philadelphia Eagles
97.2%
Indianapolis Colts
96.8%
San Francisco 49ers
96.6%
Washington Redskins
96.4%
New Orleans Saints
96%
Seattle Seahawks
96%
Detroit Lions
96%
Oakland Raiders
95.9%
% Correct
Baltimore Ravens
95.8%
Chicago Bears
95.7%
Arizona Cardinals
95%
Carolina Panthers
94.7%
Atlanta Falcons
94.4%
Cleveland Browns
94.3%
Cincinnati Bengals
94.2%
Houston Texans
93.9%
Denver Broncos
93.9%
Los Angeles Rams
93.8%
Tennessee Titans
93.5%
Los Angeles Chargers
93.3%
Buffalo Bills
93.3%
Jacksonville Jaguars
93.2%
Kansas City Chiefs
92.5%
Tampa Bay Buccaneers
91.1%

You're not logged in!

Compare scores with friends on all Sporcle quizzes.
OR
Log In

Sporcle TV

Today on Sporcle TV


Watch our educational content, quiz creation guides, and fun videos on Sporcle TV.

Show Comments

Extras

Top Quizzes Today


Score Distribution

Your Account Isn't Verified!

In order to create a playlist on Sporcle, you need to verify the email address you used during registration. Go to your Sporcle Settings to finish the process.

Report this User

Report this user for behavior that violates our Community Guidelines.

Details: